Statistics for Musical Acts by State - Oregon

Click here to take the quiz!

General Stats

  • This quiz has been taken 19 times
  • The average score is 3 of 30

Answer Stats

City/TownSongsAnswer% Correct
PortlandSanta Monica | WonderfulEverclear
44%
CorvallisBitch | What Would HappenMeredith Brooks
44%
PortlandLouie Louie | The Jolly Green GiantThe Kingsmen
44%
EugeneZoot Suit Riot | Dr. BonesCherry Poppin' Daddies
38%
PortlandHarden My Heart | Take Me To HeartQuarterflash
38%
PortlandBohemian Like You | We Used To Be FriendsThe Dandy Warhols
25%
PortlandCaroline | Reel It InAminé
19%
PortlandI Can't Wait | Point Of No ReturnNu Shooz
13%
PortlandWhat Faith Can Do | King Of My HeartKutless
6%
EugeneShips In The Night | Nothing Left To LoseMat Kearney
6%
PortlandRawnald Gregory Erickson The Second | Open Your EyesStrfkr
6%
PortlandI Can't Complain | Beer RunTodd Snider
6%
PortlandOver The Edge | D-7Wipers
6%
Astoria3 Rounds And A Sound | The Story I HeardBlind Pilot
0%
PortlandBlack River Killer | FurrBlitzen Trapper
0%
PortlandTick Of The Clock | CherryChromatics
0%
PortlandI Know You Know | Black GoldEsperanza Spalding
0%
EugeneThe Sad Ballad Of Danny Boy | WeightlessFloater
0%
Hood RiverHold On | Back AgainFlor
0%
DallasJust Walking In The Rain | CryJohnnie Ray
0%
BendEbb And Flow | EllipsisLarry and His Flask
0%
CoquilleDamn Sure | Empire BuilderLaura Gibson
0%
AshlandSkyrim (Theme) | Misty MountainsPeter Hollens
0%
PortlandSympathique | Amado MioPink Martini
0%
BonanzaEye Of The Storm | The GospelRyan Stevenson
0%
EugeneL.A. International Airport | "(I've Got A) Happy HeartSusan Raye
0%
BeavertonLately | HallelujahThe Helio Sequence
0%
PortlandSo You Are A Star | RendezvousThe Hudson Brothers
0%
EugeneHow Can We Hang On To A Dream | If I Were A CarpenterTim Hardin
0%
PortlandPsychic City | Second SummerYacht
0%

Score Distribution

Percentile by Number Answered

Percent of People with Each Score

Your Score History

You have not taken this quiz